000 00429nam a2200145Ia 4500
008 100122s9999 xx 000 0 und d
082 _b21859
_a823.08
100 _aबोकील वि वि
245 _aकथा नवनीत
260 _bपंडित अनंत कुलकर्णी
_c1966
300 _a339
630 _aकथा नवनीत
730 _aकथा नवनीत
942 _cBOOK
999 _c409814
_d409811